|
|
|
|
| LEADER |
00000nab a2200000 a 4500 |
| 001 |
vtls000756976 |
| 003 |
SK-MaSNL |
| 005 |
20260304112142.0 |
| 008 |
250429c2001 xo 0 slo |
| 015 |
|
|
|a SNBRB2001/05-15322
|
| 035 |
|
|
|a CLN000108763
|
| 035 |
|
|
|a urn:nbn:sk:snk-ab7c8y
|
| 035 |
|
|
|a (uuid)6b5438aa-9ec6-49df-9c5e-c29c1af20a57
|
| 035 |
|
|
|a (urnnbn)urn:nbn:sk:snk:ar-a07ip7
|
| 035 |
|
|
|a (sysno)vtls000756976
|
| 040 |
|
|
|a SNKBUCL
|b slo
|c SNKBUCL
|e AACR2
|
| 041 |
0 |
|
|a slo
|
| 044 |
|
|
|a xo
|c SK
|
| 080 |
|
|
|a 347.783
|2 1997
|
| 080 |
|
|
|a 77:347.783
|2 1997
|
| 080 |
|
|
|a 347.7
|2 1997
|
| 100 |
1 |
|
|a Klajban, Peter
|4 aut
|9 1413683
|
| 245 |
1 |
0 |
|a Fotografia, tovar alebo umelecké dielo?
|b fotografia ako autorské dielo
|c Peter Klajban
|
| 300 |
|
|
|b Fotogr.
|
| 500 |
|
|
|a Pokračovanie
|
| 650 |
0 |
7 |
|a dejiny fotografie
|2 snkbucl
|9 74449
|
| 650 |
0 |
7 |
|a autorské právo
|2 snkbucl
|9 2215
|
| 650 |
0 |
7 |
|a dielo autorské
|2 snkbucl
|9 1353399
|
| 655 |
|
7 |
|a články z novín a časopisov
|2 snkbucl
|9 267496
|
| 773 |
0 |
|
|t Fototip
|g Roč. 8, č. 4 (2001), s. 30
|x 1335-0773
|
| 850 |
|
|
|a Slovenská národná knižnica
|
| 852 |
|
|
|a Slovenská národná knižnica
|
| 954 |
|
|
|a odborná, vedecká literatúra pôvodná (slovenská)
|2 lita
|
| 958 |
|
|
|a article27
|
| 958 |
|
|
|a OND
|
| 958 |
|
|
|a EUIPO
|
| 999 |
|
|
|c 2864413
|d 2866343
|